000 00911cam a2200205 4500
001 ABS63389
008 000000n2001 000 0 eng u
035 _a(Sirsi) u110441
100 _aBunn, R.
245 _aTrends in procurement
260 _c2001
490 _aBuilding Services Journal
_v23(1) January 2001, 24-31(8)
520 _aA discussion of the issues and future strategy for building procurement. Includes: a debate between leading construction industry figures and academics, addressing the future for partnering, the role of IT and trust and communication; results from a survey on the use of key performance indicators (KPIs) in M&E contracting; and the benefits of electronic tender bids for contractors.
590 _aABS
650 _aCONSTRUCTION PROCUREMENT
650 _aELECTRONIC TENDERING
650 _aKEY PERFORMANCE INDICATORS
690 _aProcurement
_96260
942 _n0
999 _c65844
_d65844